Loading...
| Social Science | 0 | 3 | 0 | 1 | 30 | 93 | 112.00 | 1 | 3 | 0.00 | 0.00 |
| Philosophy | 0 | 3 | 0 | 0 | 30 | 48 | 78.33 | 3 | 3 | 0.00 | 0.00 |
| Literature - European | 0 | 1 | 0 | 0 | 10 | 117 | 117.00 | 0 | 1 | 0.00 | 0.00 |
| Science - Biology | 0 | 1 | 1 | 0 | 5 | 123 | 123.00 | 0 | 1 | 0.00 | 0.00 |
| Science - Chemistry | 0 | 1 | 1 | 1 | 5 | 124 | 124.00 | 1 | 1 | 0.00 | 0.00 |
| Literature - American | 0 | 1 | 1 | 1 | 5 | 138 | 138.00 | 0 | 1 | 0.00 | 0.00 |
| Fine Arts - Other | 0 | 0 | 0 | 0 | 0 | 0.00 | 0 | 0 | 0.00 | 0.00 | |
| Literature - World | 0 | 0 | 0 | 0 | 0 | 0.00 | 0 | 0 | 0.00 | 0.00 | |
| Science - Other | 0 | 0 | 1 | 0 | -5 | 0.00 | 0 | 0 | 0.00 | 0.00 |